Murder on the Orient Express : (Record no. 533982)

000 -LEADER
fixed length control field 02961cam a2200361 a 4500
001 - CONTROL NUMBER
control field 14354948
003 - CONTROL NUMBER IDENTIFIER
control field NUST
005 - DATE AND TIME OF LATEST TRANSACTION
control field 20200127112257.0
008 - FIXED-LENGTH DATA ELEMENTS--GENERAL INFORMATION
fixed length control field 060426r20061934nyua 000 1 eng
010 ## - LIBRARY OF CONGRESS CONTROL NUMBER
LC control number 2006045984
020 ## - INTERNATIONAL STANDARD BOOK NUMBER
International Standard Book Number 1579126235
020 ## - INTERNATIONAL STANDARD BOOK NUMBER
International Standard Book Number 9781579126230
035 ## - SYSTEM CONTROL NUMBER
System control number (OCoLC)ocm68133359
038 ## - RECORD CONTENT LICENSOR
Staff Name MSOHAIL
040 ## - CATALOGING SOURCE
Original cataloging agency DLC
Transcribing agency DLC
Modifying agency DLC
043 ## - GEOGRAPHIC AREA CODE
Geographic area code e-uk-en
050 00 - LIBRARY OF CONGRESS CALL NUMBER
Classification number PR6005.H66
Item number M88 2006
082 00 - DEWEY DECIMAL CLASSIFICATION NUMBER
Classification number 823.912
Edition number 22
100 1# - MAIN ENTRY--PERSONAL NAME
Personal name Christie, Agatha,
Dates associated with a name 1890-1976.
9 (RLIN) 28070
245 10 - TITLE STATEMENT
Title Murder on the Orient Express :
Statement of responsibility, etc. Agatha Christie.
260 ## - PUBLICATION, DISTRIBUTION, ETC.
Place of publication, distribution, etc. New York :
Name of publisher, distributor, etc. Black Dog & Leventhal Publishers :
-- Distributed by Workman Pub. Co.,
Date of publication, distribution, etc. [2007]
300 ## - PHYSICAL DESCRIPTION
Extent 347 p. :
Other physical details ill. ;
Dimensions 22 cm.
505 0# - FORMATTED CONTENTS NOTE
Formatted contents note Cast of characters -- The facts: An important passenger on the Taurus Express -- The Tokatlian Hotel -- Poirot refuses a case -- A cry in the night -- The crime -- A woman -- The body -- The Armstrong kidnapping case -- The evidence: The evidence of the wagon lit conductor -- The evidence of the secretary -- The evidence of the valet -- The evidence of the American lady -- The evidence of the Swedish lady -- The evidence of the Russian princess -- The evidence of Count and Countess Andrenyi -- The evidence of Colonel Arbuthnot -- The evidence of Mr. Hardman -- The evidence of the Italian -- The evidence of Miss Debenham -- The evidence of the German lady's-maid -- Summary of the passengers' evidence -- The evidence of the weapon -- The evidence of the passengers' luggage -- Hercule Poirot sits back and thinks: Which of them? -- Ten questions -- Certain suggestive points -- The grease spot on a Hungarian passport -- The christian name of Princess Dragomiroff -- A second interview with Colonel Arbuthnot -- The identity of Mary Debenham -- Further surprising revelations -- Poirot propounds two solutions.
520 ## - SUMMARY, ETC.
Summary, etc. While en route from Syria to Paris, in the middle of a freezing winter's night, the Orient Express is stopped dead in its tracks by a snowdrift. Passengers awake to find the train still stranded and to discover that a wealthy American has been brutally stabbed to death in his private compartment. Incredibly, that compartment is locked from the inside. With no escape into the wintery landscape the killer must still be on board. Fortunately, the brilliant Belgian inspector Hercule Poirot is also on board, having booked the last available berth.
600 10 - SUBJECT ADDED ENTRY--PERSONAL NAME
Personal name Poirot, Hercule
Titles and other words associated with a name (Fictitious character)
Form subdivision Fiction.
9 (RLIN) 11837
650 #0 - SUBJECT ADDED ENTRY--TOPICAL TERM
Topical term or geographic name entry element Private investigators
Geographic subdivision England
Form subdivision Fiction.
9 (RLIN) 11838
650 #0 - SUBJECT ADDED ENTRY--TOPICAL TERM
Topical term or geographic name entry element Orient Express (Express train)
Form subdivision Fiction.
9 (RLIN) 11891
655 #7 - INDEX TERM--GENRE/FORM
Genre/form data or focus term Mystery fiction.
Source of term gsafd
9 (RLIN) 5621
856 42 - ELECTRONIC LOCATION AND ACCESS
Materials specified Publisher description
Uniform Resource Identifier <a href="http://www.loc.gov/catdir/enhancements/fy0659/2006045984-d.html">http://www.loc.gov/catdir/enhancements/fy0659/2006045984-d.html</a>
906 ## - LOCAL DATA ELEMENT F, LDF (RLIN)
a 7
b cbc
c orignew
d 1
e ocip
f 20
g y-gencatlg
942 ## - ADDED ENTRY ELEMENTS (KOHA)
Source of classification or shelving scheme
Koha item type Book
Holdings
Withdrawn status Lost status Source of classification or shelving scheme Damaged status Not for loan Permanent Location Current Location Date acquired Total Checkouts Total Renewals Full call number Barcode Date last seen Date last checked out Price effective from Koha item type
          School of Civil and Environmental Engineering (SCEE) School of Civil and Environmental Engineering (SCEE) 01/27/2020 3 1 823.912 NIT-9482 09/20/2023 02/06/2023 01/27/2020 Book
© 2023 Central Library, National University of Sciences and Technology. All Rights Reserved.